000 00604nam a2200205Ii 4500
003 JO-AjNU
008 230606s9999||||xx |||||||||||||| ||und||
020 _a978-1-138-01640-8(hbk) / 978-1-138-01641-5(pbk) / 978-1-315-10192-7(ebk)
040 _aJO-AjNU
_beng
_erda
_cJO-AjNU
041 _aeng
050 1 4 _aP306.H68 2018
100 3 _aHouse, Juliane,
_eauthor
_95995
245 0 0 _aTranslation The Basics
250 _a1 ed
264 3 1 _aNew York: Routledge, 2018
300 _a210P
336 _atext
_btxt
_2rdacontent
337 _aunmediated
_bn
_2rdamedia
338 _avolume
_bnc
_2rdacarrier
999 _aE3109
_c3106
_d3106